| 000 | 00553nam a22001457a 4500 | ||
|---|---|---|---|
| 082 | _a621 | ||
| 100 |
_aSalari ,Syed Mubashir Ullah _9121413 |
||
| 245 |
_aImpact Analysis of Different Damping Materials In Bumper Beam Assembly / _cSyed Mubashir Ullah Salari |
||
| 264 |
_aIslamabad : _bSMME- NUST; _c2018. |
||
| 300 |
_a72p. ; _bSoft Copy _c33cm. |
||
| 650 |
_aMS Mechanical Engineering _9119495 |
||
| 700 |
_aSupervisor : Dr. Shahid Ikramullah Butt _9119623 |
||
| 856 | _uhttp://10.250.8.41:8080/xmlui/handle/123456789/13029 | ||
| 942 |
_2ddc _cTHE |
||
| 999 |
_c608307 _d608307 |
||